University Home | Library Home | Institutional Repository

Earth history and plate tectonics : (Record no. 136282)

MARC details
000 -LEADER
fixed length control field 00748cam2a220021700 4500
001 - CONTROL NUMBER
control field tmp15375993
003 - CONTROL NUMBER IDENTIFIER
control field UPRA
005 - DATE AND TIME OF LATEST TRANSACTION
control field 20190822123701.0
008 - FIXED-LENGTH DATA ELEMENTS--GENERAL INFORMATION
fixed length control field 950801s1973 nyu eng u
035 ## - SYSTEM CONTROL NUMBER
System control number (Sirsi) r52884
035 ## - SYSTEM CONTROL NUMBER
System control number (UPRA)tmp15375993
040 ## - CATALOGING SOURCE
Transcribing agency UPRA
100 1# - MAIN ENTRY--PERSONAL NAME
Personal name Seyfert, Carl K., 1938-
Dates associated with a name Seyfert, Carl K., 1938-
Linkage A11516.1
245 10 - TITLE STATEMENT
Title Earth history and plate tectonics :
Remainder of title an introduction to historical geology /
Statement of responsibility, etc. [by] Carl K. Seyfert [and] Leslie A. Sirkin.
260 ## - PUBLICATION, DISTRIBUTION, ETC.
Place of publication, distribution, etc. New York :
Name of publisher, distributor, etc. Happer & Row,
Date of publication, distribution, etc. [1973]
504 ## - BIBLIOGRAPHY, ETC. NOTE
Bibliography, etc. note Includes bibliographical references.
650 #0 - SUBJECT ADDED ENTRY--TOPICAL TERM
Topical term or geographic name entry element Historical geology.
Linkage S7844.1
700 1# - ADDED ENTRY--PERSONAL NAME
Personal name Sirkin, Leslie A.
Linkage A11517.1
949 ## - LOCAL PROCESSING INFORMATION (OCLC)
a QE28.3
w lcc
i -67462
m MAIN
t BOOK
l ON-SHELF

No items available.

© 2026 - The University of Zambia Library - Koha v25.11